[Event "Chigorin Memorial"]
[Site "St Petersburg RUS"]
[Date "2012.10.31"]
[Round "5.151"]
[White "Atabayeva, Ogulgerek"]
[Black "Hyotyla, Tapio"]
[Result "1-0"]
[WhiteElo "1990"]
[BlackElo "1795"]
[WhiteFideId "14001810"]
[BlackFideId "501026"]
[EventDate "2012.10.27"]

1. e4 d6 2. d4 g6 3. Nc3 c6 4. Nf3 Bg7 5. Be2 Nf6 6. Bg5 h6 7. Bf4 O-O 8. h3
Nbd7 9. e5 Ne8 10. Qd2 Kh7 11. O-O dxe5 12. dxe5 Nc7 13. Rad1 Ne6 14. Bg3 Qa5
15. Qe3 Qb6 16. Qxb6 Nxb6 17. Ne4 Bd7 18. Nfd2 Nd4 19. Bd3 Rad8 20. Nc5 Bc8 21.
Nde4 Nd5 22. c3 Ne6 23. Nxe6 Bxe6 24. Nc5 Bc8 25. Be4 Nc7 26. f4 b6 27. Nb3 c5
28. Bh2 Ba6 29. Rfe1 e6 30. g4 Kg8 31. f5 exf5 32. gxf5 gxf5 33. Bxf5 Ne6 34.
Rd6 Rxd6 35. exd6 Bc8 36. Nd2 Rd8 37. Kf2 Bd7 38. Nc4 Nf8 39. Bxd7 Nxd7 40. Ne3
Be5 41. Bg3 Bxg3+ 42. Kxg3 Nf6 43. Nf5 Kh7 44. c4 Ne8 45. Rd1 Kg6 46. Kf4 Kf6
47. d7 Nc7 48. Rd6+ Ne6+ 49. Ke4 Kg5 50. h4+ Kh5 51. Kd5 Nf8 52. Kc6 Ne6 53.
Rxe6 fxe6 54. Ng7+ Kxh4 55. Nxe6 Rg8 56. Ng7 Rxg7 57. d8=Q+ Kg4 58. Qf6 Rg5 59.
Qxh6 Kf5 60. Qf8+ Kg4 1-0

[Event "Chigorin Memorial"]
[Site "St Petersburg RUS"]
[Date "2012.10.31"]
[Round "5.152"]
[White "Maksimov, Dmitri"]
[Black "Melnikov, Nikolay"]
[Result "1-0"]
[WhiteElo "1982"]
[BlackElo "1752"]
[WhiteFideId "24162477"]
[BlackFideId "4191170"]
[EventDate "2012.10.27"]

1. d4 f5 2. Nc3 Nf6 3. Bg5 g6 4. Bxf6 exf6 5. h4 d5 6. h5 g5 7. e3 Be6 8. Bd3 c6
9. Qf3 g4 10. Qg3 Bd6 11. Qh4 h6 12. f3 Rg8 13. O-O-O Qe7 14. fxg4 Rxg4 15. Qf2
Qh7 16. Nge2 Nd7 17. Rh4 Rxh4 18. Qxh4 O-O-O 19. Nf4 Bxf4 20. Qxf4 Rg8 21. g4
Rg5 22. Rf1 Qg8 23. gxf5 Bf7 24. e4 Rg1 25. Qxh6 Rxf1+ 26. Bxf1 Qg1 27. Qf4 Bxh5
28. exd5 Qg5 29. Qxg5 fxg5 30. dxc6 bxc6 31. Ne4 g4 32. Be2 Kd8 33. Ng3 Nf6 34.
Nxh5 Nxh5 35. Bxg4 Nf6 36. Bf3 1-0

[Event "Chigorin Memorial"]
[Site "St Petersburg RUS"]
[Date "2012.10.31"]
[Round "5.153"]
[White "Petrushev., Nikita"]
[Black "Yakovlev, Yuri S."]
[Result "1-0"]
[WhiteElo "1738"]
[BlackElo "1982"]
[WhiteFideId "34117803"]
[BlackFideId "4173929"]
[EventDate "2012.10.27"]

1. d4 d5 2. Nf3 Bf5 3. c4 e6 4. Qb3 dxc4 5. Qxb7 Nd7 6. Qc6 Bxb1 7. Rxb1 Rb8 8.
Qxc4 c5 9. Bd2 Ngf6 10. e3 Ne4 11. Qa4 Nxd2 12. Nxd2 cxd4 13. Qxd4 Bb4 14. a3 e5
15. Qd5 Bxd2+ 16. Qxd2 O-O 17. Rd1 Nc5 18. Qxd8 Rfxd8 19. Rxd8+ Rxd8 20. Bc4 Kf8
21. Ke2 Nb7 22. b4 Nd6 23. Rd1 Ke7 24. Bb3 Rc8 25. Rd5 f6 26. Ra5 Rc7 27. f3 Nc8
28. Rc5 Kd6 29. Rxc7 Kxc7 30. a4 Kb6 31. Kd3 a5 32. bxa5+ Kxa5 33. Kc4 Ne7 34.
Bc2 h5 35. Kc5 h4 36. Kd6 Ng8 37. Ke6 Nh6 38. Ke7 f5 39. Kf8 e4 40. Kxg7 h3 41.
gxh3 exf3 42. Kxh6 f2 43. Bd3 1-0

[Event "Chigorin Memorial"]
[Site "St Petersburg RUS"]
[Date "2012.10.31"]
[Round "5.155"]
[White "Velieva, Hurma"]
[Black "Bubnov, Kirill"]
[Result "1-0"]
[WhiteElo "1966"]
[BlackElo "1713"]
[WhiteFideId "14002272"]
[BlackFideId "24175277"]
[EventDate "2012.10.27"]

1. e4 e6 2. d4 d5 3. exd5 exd5 4. Bd3 Nc6 5. c3 Bd6 6. Ne2 Nge7 7. Qc2 Be6 8.
O-O Qd7 9. Bf4 O-O-O 10. Bxd6 Qxd6 11. b4 g5 12. a4 h5 13. a5 f5 14. b5 Nb8 15.
f4 Rdg8 16. Nd2 h4 17. fxg5 h3 18. g3 Rxg5 19. Nf3 Rg7 20. Ne5 Nd7 21. Nxd7 Bxd7
22. Nf4 Rhg8 23. Qf2 Rg5 24. b6 cxb6 25. a6 Qb8 26. axb7+ Kxb7 27. Ra6 Rg4 28.
Kh1 Nc8 29. Rfa1 Qd6 30. Qa2 Rxf4 31. Rxa7+ Nxa7 32. Qxa7+ Kc6 33. Bb5+ 1-0

[Event "Chigorin Memorial"]
[Site "St Petersburg RUS"]
[Date "2012.10.31"]
[Round "5.156"]
[White "Stoliarenko, Ivan"]
[Black "Aleksanyan, Gor"]
[Result "0-1"]
[WhiteElo "1673"]
[BlackElo "1948"]
[WhiteFideId "24199591"]
[BlackFideId "13306626"]
[EventDate "2012.10.27"]

1. e4 e5 2. Nf3 Nc6 3. Bb5 a6 4. Ba4 Nf6 5. O-O Nxe4 6. Re1 Nc5 7. Bxc6 dxc6 8.
d4 Ne6 9. dxe5 Qxd1 10. Rxd1 Bc5 11. Nc3 Bd7 12. Ne4 Ba7 13. Neg5 Nxg5 14. Bxg5
h6 15. Bh4 g5 16. Bg3 O-O-O 17. h4 g4 18. Nd4 Rhe8 19. h5 c5 20. Nb3 Bf5 21. c3
Bd3 22. Bf4 c4 23. Nd4 c5 24. Rxd3 cxd3 25. Nf5 Bb8 26. Nxh6 d2 27. Rd1 Bxe5 28.
Be3 Bf4 29. Nxg4 f5 30. Nh2 Bxe3 31. fxe3 Rxe3 32. Nf3 Re7 33. h6 Rh7 34. Ng5
Rxh6 35. Nf7 Re6 36. Kf2 Rd7 37. Ng5 Rg6 38. Nf3 Rdg7 39. Nh4 Rg4 40. Nxf5 Rf4+
41. Ke3 Rxf5 42. Rxd2 Rg3+ 43. Ke4 Rfg5 44. Rf2 Rxg2 45. Rf8+ Kc7 46. Rf7+ Kb8
47. Rf8+ Ka7 48. b4 cxb4 49. cxb4 Rxa2 50. Kd4 Rb5 51. Kc3 Ra3+ 52. Kc4 Ra4 53.
Kc3 Raxb4 54. Rf1 Rh4 55. Rf8 Rg5 56. Rf3 a5 57. Kb3 a4+ 58. Ka3 Ka6 59. Kb2 Ka5
60. Ka3 b5 61. Kb2 b4 62. Ka2 Rh2+ 63. Kb1 Rg1+ 64. Rf1 Rxf1# 0-1

[Event "Chigorin Memorial"]
[Site "St Petersburg RUS"]
[Date "2012.10.31"]
[Round "5.157"]
[White "Maltsev, Leonid"]
[Black "Uyanik, Mehmet"]
[Result "1-0"]
[WhiteTitle "CM"]
[WhiteElo "1947"]
[BlackElo "1687"]
[WhiteFideId "14116413"]
[BlackFideId "6363164"]
[EventDate "2012.10.27"]

1. e4 c5 2. Nf3 e6 3. d4 cxd4 4. Nxd4 Nf6 5. Nc3 a6 6. Bg5 Be7 7. f4 d6 8. Qf3
Nc6 9. O-O-O Qc7 10. Nxc6 bxc6 11. e5 dxe5 12. fxe5 Nd5 13. Bxe7 Qxe7 14. Ne4
O-O 15. Qg3 Kh8 16. a3 a5 17. Rd2 Ba6 18. Bxa6 Rxa6 19. c4 Nb6 20. Rf2 Nxc4 21.
Qd3 Qa7 22. Qxc4 Rd8 23. Rf3 Rd5 24. Rxf7 Qe3+ 25. Kb1 Ra8 26. Rhf1 h6 27. R7f3
Qb6 28. Rf8+ Rxf8 29. Rxf8+ Kh7 30. Qc2 Kg6 31. Nf2+ Kg5 32. Nh3+ Kh4 33. Qe4+
Kh5 34. Nf4+ Kg5 1-0

[Event "Chigorin Memorial"]
[Site "St Petersburg RUS"]
[Date "2012.10.31"]
[Round "5.158"]
[White "Chuprova, Irina"]
[Black "Elizarova, Taisia"]
[Result "1-0"]
[WhiteElo "1945"]
[BlackElo "1663"]
[WhiteFideId "24138584"]
[BlackFideId "24128350"]
[EventDate "2012.10.27"]

1. e4 e6 2. d4 d5 3. Nd2 c5 4. Ngf3 cxd4 5. Nxd4 Nf6 6. e5 Nfd7 7. N2f3 Nc6 8.
Bb5 Qc7 9. O-O Be7 10. Re1 O-O 11. Bf4 a6 12. Nxc6 bxc6 13. Bd3 Nc5 14. Ng5 h6
15. Nh7 Nxd3 16. Qxd3 Rd8 17. Re3 g6 18. Rh3 Kxh7 19. Rxh6+ Kg7 20. Qh3 Rg8 21.
Rh7+ Kf8 22. Rh8 Qb6 23. Qh6+ Ke8 24. Rxg8+ Kd7 25. b3 Qd4 26. Rf1 a5 27. Bg5
Bxg5 28. Qxg5 Kc7 29. Qf6 1-0

[Event "Chigorin Memorial"]
[Site "St Petersburg RUS"]
[Date "2012.10.31"]
[Round "5.160"]
[White "Schekachikhin, Maksim"]
[Black "Gantsevich, Dmitry"]
[Result "1-0"]
[WhiteElo "1921"]
[BlackElo "1546"]
[WhiteFideId "24177830"]
[BlackFideId "24162582"]
[EventDate "2012.10.27"]

1. e4 d6 2. d4 Nf6 3. Nc3 g6 4. Be3 Bg7 5. f3 O-O 6. Qd2 Na6 7. O-O-O c6 8. Bh6
Nc7 9. h4 b5 10. Bxg7 Kxg7 11. Nge2 Rh8 12. h5 Nxh5 13. Rxh5 gxh5 14. Ng3 Qg8
15. e5 Be6 16. exd6 exd6 17. Nxh5+ Kf8 18. Qh6+ Ke7 19. Qf6+ Kd7 20. d5 Nxd5 21.
Nxd5 cxd5 22. Bxb5+ Kc8 23. Qc3+ Kb8 24. Bc6 Qd8 25. Qb4+ Qb6 26. Qxd6+ Kc8 27.
Qe5 Qxc6 28. Qxh8+ Kb7 29. Qxh7 Qa4 30. Ng7 Qf4+ 31. Kb1 Bc8 32. Qd3 Qe5 33.
Qxd5+ Qxd5 34. Rxd5 Kc6 35. Rd3 Ba6 36. Rc3+ Kd6 37. Nf5+ Ke5 38. g4 Rd8 39. b4
Kf4 40. Rc7 Kxf3 41. Rxf7 Kxg4 42. Rxa7 Bb5 43. Ne3+ Kf3 44. Re7 Rc8 45. Kb2 Ra8
46. Nd5 Rd8 47. Nc7 Ba4 48. c4 Rd3 49. b5 Kf4 50. Nd5+ Kf5 51. Re3 Rd2+ 52. Ka3
Bxb5 53. cxb5 Rxd5 54. Kb4 Rd2 55. a4 Rb2+ 56. Ka5 Rd2 57. b6 Rd7 58. Ka6 Kf4
59. Re8 Kf5 60. b7 1-0

[Event "Chigorin Memorial"]
[Site "St Petersburg RUS"]
[Date "2012.10.31"]
[Round "5.161"]
[White "Fokin, Anatoly"]
[Black "Kartsev, Evgeni"]
[Result "0-1"]
[WhiteElo "1793"]
[BlackElo "2070"]
[WhiteFideId "24124451"]
[BlackFideId "24162469"]
[EventDate "2012.10.27"]

1. e4 d6 2. d4 g6 3. Be3 c6 4. Qd2 d5 5. f3 Bg7 6. Nc3 dxe4 7. fxe4 Nf6 8. Nf3
O-O 9. O-O-O Ng4 10. Bf4 Qa5 11. Kb1 e5 12. dxe5 Nd7 13. h3 Ngxe5 14. Bh6 Qc5
15. Bxg7 Kxg7 16. Na4 Qe7 17. Qd4 f6 18. b3 b5 19. Nb2 a6 20. Nd3 c5 21. Qd5 Ra7
22. Ndxe5 Nxe5 23. Qd6 Re8 24. Be2 Nf7 25. Qxe7 Rexe7 26. Nd2 Rad7 27. Bf3 Bb7
28. Kc1 Re5 29. h4 Rde7 30. Rdf1 Nd6 31. Rd1 Nxe4 32. Nxe4 Bxe4 33. Bxe4 Rxe4
34. Rd6 R7e6 35. Rxe6 Rxe6 36. Kd2 f5 37. a4 Kh6 38. axb5 axb5 39. Kd3 Kh5 40.
c3 Re4 41. g3 h6 42. Rh2 Kg4 43. h5 g5 44. Rf2 c4+ 45. bxc4 bxc4+ 46. Kd2 Re5
47. Rg2 Kf3 48. Rg1 Kf2 49. Ra1 Rd5+ 50. Kc2 Kxg3 51. Ra6 g4 52. Rxh6 f4 53. Rh8
f3 54. h6 Rh5 55. Kd2 Kf2 0-1

[Event "Chigorin Memorial"]
[Site "St Petersburg RUS"]
[Date "2012.10.31"]
[Round "5.162"]
[White "Shuvalov, Arvind"]
[Black "Grachev, Andrey"]
[Result "1-0"]
[WhiteElo "1789"]
[BlackElo "2040"]
[WhiteFideId "24199079"]
[BlackFideId "24138290"]
[EventDate "2012.10.27"]

1. e4 e6 2. d4 d5 3. Nc3 Bb4 4. e5 c5 5. Bd2 Ne7 6. Nb5 Bxd2+ 7. Qxd2 O-O 8. f4
a6 9. Nd6 cxd4 10. Nf3 f6 11. Bd3 Nd7 12. O-O Nc6 13. Rae1 fxe5 14. Ng5 e4 15.
Nxe6 Qf6 16. Nxf8 Qxf8 17. Nxe4 dxe4 18. Bxe4 Nf6 19. Bxc6 bxc6 20. Qxd4 Bf5 21.
c3 Rb8 22. b4 Nd5 23. Re5 Rd8 24. Qc4 Qf6 25. Rfe1 h6 26. g3 Kh7 27. Qc5 Bh3 28.
Qf2 Nxc3 29. Qc2+ Qg6 30. Qxc3 Rd3 31. Qb2 Qd6 32. Re7 Rd4 33. Rxg7+ Kh8 34. Rb7
Bd7 35. Rd1 1-0

[Event "Chigorin Memorial"]
[Site "St Petersburg RUS"]
[Date "2012.10.31"]
[Round "5.163"]
[White "Rybakova, Polina"]
[Black "Ayvazyan, Nikita"]
[Result "0-1"]
[WhiteElo "1787"]
[BlackElo "1973"]
[WhiteFideId "24178829"]
[BlackFideId "4177266"]
[EventDate "2012.10.27"]

1. e4 d5 2. exd5 Nf6 3. d4 Bg4 4. Nf3 Qxd5 5. Be2 Nc6 6. c3 O-O-O 7. O-O e6 8.
b4 Bd6 9. Nbd2 Bf4 10. Nb3 g5 11. Bb2 Ne4 12. b5 Ne7 13. c4 Qf5 14. c5 Nd5 15.
Qe1 h5 16. Ne5 Bxe2 17. Qxe2 Bxe5 18. dxe5 Nf4 19. Qc2 Ng3 20. Nd4 Qxc2 0-1

[Event "Chigorin Memorial"]
[Site "St Petersburg RUS"]
[Date "2012.10.31"]
[Round "5.166"]
[White "Klimshin, Ilia"]
[Black "Khatenever, Feliks"]
[Result "1/2-1/2"]
[WhiteElo "1734"]
[BlackElo "1843"]
[WhiteFideId "34109436"]
[BlackFideId "4131800"]
[EventDate "2012.10.27"]

1. e4 c5 2. Nf3 e6 3. d4 cxd4 4. Nxd4 Nf6 5. Nc3 Nc6 6. Be3 Bb4 7. Nxc6 bxc6 8.
Bd3 Qa5 9. Bd2 e5 10. a3 Bxc3 11. Bxc3 Qc7 12. O-O O-O 13. f4 d6 14. fxe5 Qb6+
15. Kh1 Ng4 16. Qe2 Nxe5 17. Bxe5 dxe5 18. b3 Be6 19. h3 Rad8 20. Rf3 f6 21. Bc4
c5 22. Bxe6+ Qxe6 23. Rc3 Rc8 24. Rd1 Rf7 25. Rd5 Rfc7 26. Qc4 Kf7 27. Qe2 g6
28. Qf2 Qe7 29. Rc4 Kg7 30. Rd3 a5 31. Qd2 Ra7 32. Ra4 c4 33. Rxc4 Rxc4 34. bxc4
a4 35. Kh2 h5 36. Qf2 Rc7 37. Qd2 g5 38. Rc3 Qc5 39. Qe2 h4 40. Qf3 Rd7 41. Qe2
Rd4 42. g3 hxg3+ 43. Kxg3 Rd8 44. Qe3 Qxe3+ 45. Rxe3 Rc8 46. Rc3 Rc5 47. Kf3 Kf7
48. Kg3 Ke6 49. Kg4 Ke7 50. Kf3 Kf7 51. Kg3 Kg6 52. Kg4 f5+ 53. exf5+ Kf6 54.
Kf3 Kxf5 55. Ke3 Ke6 56. Ke4 Rc8 57. c5 Rh8 58. Rg3 Rh4+ 59. Kd3 Kd5 60. Rxg5
Rxh3+ 61. Kd2 Rh2+ 62. Kc3 Rh4 63. Kd3 Rd4+ 64. Ke3 Rc4 65. Kd3 Rxc5 66. Rg4 Ra5
67. c4+ Kc5 68. Rg5 Kb6 69. Rg6+ Kc5 70. Rg5 Kd6 71. Rg6+ Kd7 72. Rg4 Ke6 73.
Ke4 Rc5 74. Rg6+ Kf7 75. Rg3 Rxc4+ 76. Kxe5 1/2-1/2

[Event "Chigorin Memorial"]
[Site "St Petersburg RUS"]
[Date "2012.10.31"]
[Round "5.167"]
[White "Faizutdinova, Diana"]
[Black "Zhivotovskaya, Asya"]
[Result "1-0"]
[WhiteElo "1834"]
[BlackElo "1660"]
[WhiteFideId "24143731"]
[BlackFideId "24166014"]
[EventDate "2012.10.27"]

1. e4 c5 2. Nc3 e6 3. g3 Ne7 4. Bg2 g6 5. d3 Bg7 6. Be3 d6 7. Qd2 O-O 8. Bh6
Nbc6 9. h4 f5 10. h5 Qe8 11. hxg6 Qxg6 12. Bxg7 Qxg7 13. O-O-O a6 14. Nf3 Rf6
15. Ng5 h6 16. Nf3 Bd7 17. Rh2 Kh7 18. Rdh1 Rh8 19. exf5 Nxf5 20. Ne4 Rg6 21.
Bh3 e5 22. g4 Nfd4 23. Nh4 Rg8 24. c3 Ne6 25. Nxg6 d5 26. Bg2 1-0

[Event "Chigorin Memorial"]
[Site "St Petersburg RUS"]
[Date "2012.10.31"]
[Round "5.168"]
[White "Egorov, Daniil"]
[Black "Gantsevich, Aleksey A."]
[Result "1-0"]
[WhiteElo "1819"]
[BlackElo "1626"]
[WhiteFideId "24171956"]
[BlackFideId "24195863"]
[EventDate "2012.10.27"]

1. e4 c5 2. Nf3 d6 3. d4 cxd4 4. Nxd4 Nf6 5. Nc3 a6 6. Bg5 Nbd7 7. f4 Qc7 8. Qf3
h6 9. Bh4 g5 10. Bf2 b5 11. O-O-O Bb7 12. Nd5 Nxd5 13. exd5 gxf4 14. Qxf4 Bxd5
15. Nf5 Rc8 16. Bd3 Ne5 17. Qd4 Bxa2 18. Rhe1 Nxd3+ 19. Qxd3 Bc4 20. Nxd6+ Kd8
21. Nxc4+ 1-0

[Event "Chigorin Memorial"]
[Site "St Petersburg RUS"]
[Date "2012.10.31"]
[Round "5.169"]
[White "Kosov, Igor"]
[Black "Pankova, Julia"]
[Result "1-0"]
[WhiteElo "1817"]
[BlackElo "1528"]
[WhiteFideId "24100528"]
[BlackFideId "34103276"]
[EventDate "2012.10.27"]

1. d4 Nf6 2. c4 e6 3. Nf3 b6 4. Nc3 Bb7 5. Bg5 Be7 6. e3 c5 7. dxc5 bxc5 8. Bd3
O-O 9. O-O d6 10. Bc2 Qc7 11. Qd3 Nbd7 12. e4 Rfd8 13. Rad1 a6 14. Qe2 Nf8 15.
Rd2 Ng6 16. Rfd1 h6 17. Be3 Ng4 18. h3 Nxe3 19. Qxe3 Bf6 20. b3 Ne5 21. Nxe5
Bxe5 22. f4 Bd4 23. Rxd4 cxd4 24. Qxd4 Qc5 25. Qxc5 dxc5 26. Kf2 Rd4 27. Ke3
Rad8 28. Rd3 f5 29. exf5 exf5 30. g3 Re8+ 31. Kd2 Be4 32. Rxd4 cxd4 33. Nd5 Bxd5
34. cxd5 Rd8 35. Bxf5 Kf8 36. Be6 Ke7 37. Kd3 Kd6 38. Kxd4 Rb8 39. g4 Rb4+ 40.
Ke3 Rb5 41. h4 Ra5 42. a4 Rc5 43. Kd2 a5 44. g5 Rc7 45. g6 Rb7 46. Kc3 Rb4 47.
f5 Ke5 48. h5 Rh4 49. Kd3 Rxh5 50. Kc4 Rh1 51. Kb5 Rc1 52. Kxa5 h5 53. Kb6 h4
54. Kb7 h3 55. f6 gxf6 56. Bxh3 Kxd5 57. Bg2+ Ke6 58. g7 Kf7 59. a5 Kxg7 60. a6
Ra1 61. a7 Kf7 62. Kb6 Ke6 63. a8=Q Rxa8 64. Bxa8 Kd6 65. Bc6 f5 66. b4 f4 67.
b5 f3 68. Bxf3 Kd7 69. Ka7 Ke7 70. b6 Kd8 71. b7 Kc7 72. b8=Q+ Kd7 73. Qe5 Kd8
74. Qg7 1-0

[Event "Chigorin Memorial"]
[Site "St Petersburg RUS"]
[Date "2012.10.31"]
[Round "5.171"]
[White "Stroganov, Anatoly"]
[Black "Bezobrazov, Lev"]
[Result "0-1"]
[WhiteElo "1808"]
[BlackElo "1673"]
[WhiteFideId "4178955"]
[BlackFideId "4152409"]
[EventDate "2012.10.27"]

1. d4 Nf6 2. Nf3 c5 3. e3 g6 4. Be2 Bg7 5. Nc3 cxd4 6. exd4 O-O 7. Ne5 d6 8. Nd3
Qd7 9. Be3 Na6 10. Nc1 Nc7 11. Nb3 b6 12. Bf3 Rb8 13. h3 e6 14. Ne2 Ba6 15. O-O
Ncd5 16. Bg5 Rfc8 17. Re1 Nb4 18. Bxf6 Bxf6 19. Nc3 d5 20. Qd2 Bc4 21. Bd1 Qd6
22. Nc1 Nc6 23. N3e2 Bd8 24. c3 Bc7 25. g3 Ne7 26. Nd3 Bxd3 27. Qxd3 Re8 28. Kg2
Nc6 29. f4 Re7 30. Ng1 f6 31. Nf3 e5 32. dxe5 fxe5 33. fxe5 Nxe5 34. Nxe5 Rxe5
35. Rxe5 Qxe5 36. Bb3 Rd8 37. Rd1 Kg7 38. Qd4 Kf8 39. Qf2+ Kg7 40. Rf1 Qe4+ 41.
Kh2 Qe5 42. h4 Bd6 43. Qg2 Rd7 44. Rd1 Qe4 45. Rd2 Qxh4+ 46. Kg1 Qxg3 47. Qxg3
Bxg3 48. Bxd5 Kf6 49. c4 h5 50. Kg2 Bf4 51. Rf2 g5 52. Kf3 Re7 53. Be4 Ke5 54.
Bd5 Kf5 55. Kg2 Re3 56. Kf1 g4 57. Rc2 h4 58. b4 h3 59. c5 Bg3 60. Rc1 bxc5 0-1

[Event "Chigorin Memorial"]
[Site "St Petersburg RUS"]
[Date "2012.11.01"]
[Round "6.10"]
[White "Neverov, Valeriy"]
[Black "Khismatullin, Denis"]
[Result "1-0"]
[WhiteTitle "GM"]
[BlackTitle "GM"]
[WhiteElo "2494"]
[BlackElo "2638"]
[WhiteFideId "14100150"]
[BlackFideId "4142578"]
[EventDate "2012.10.27"]

1. d4 Nf6 2. c4 e6 3. Nc3 Bb4 4. e3 O-O 5. Ne2 c6 6. a3 Ba5 7. b4 Bc7 8. Ng3 d5
9. Bb2 Nbd7 10. Be2 dxc4 11. Bxc4 e5 12. Nce2 e4 13. Nc3 Nb6 14. Be2 Re8 15. b5
cxb5 16. Nxb5 Bb8 17. Nc3 Bd7 18. O-O Bc6 19. Qb3 h5 20. d5 Nbxd5 21. Bc4 Be5
22. Rad1 Qb6 23. Nxd5 Nxd5 24. Bxe5 Rxe5 25. Nxe4 Qa5 26. Nd6 Rb8 27. e4 Ba4 28.
Qg3 Nb6 29. Bxf7+ Kf8 30. Nf5 Rxf5 31. Qxb8+ Kxf7 32. exf5 Bxd1 33. Rxd1 Qxa3
34. Qxb7+ Kf6 35. h3 Qb3 36. Re1 Qc3 37. Qe7+ 1-0

[Event "Chigorin Memorial"]
[Site "St Petersburg RUS"]
[Date "2012.11.01"]
[Round "6.14"]
[White "Epishin, Vladimir"]
[Black "Malakhov, Igor"]
[Result "1/2-1/2"]
[WhiteTitle "GM"]
[BlackTitle "FM"]
[WhiteElo "2574"]
[BlackElo "2429"]
[WhiteFideId "4162714"]
[BlackFideId "4183088"]
[EventDate "2012.10.27"]

1. d4 Nf6 2. Nf3 g6 3. c3 Bg7 4. Bf4 O-O 5. Nbd2 d5 6. e3 c6 7. Be2 Bf5 8. h3
Ne4 9. Qb3 Qb6 10. g4 Nxd2 11. Nxd2 Be6 12. a4 Nd7 13. a5 Qxb3 14. Nxb3 f6 15.
h4 Bf7 16. h5 e5 17. Bg3 Rfe8 18. Kd2 Rac8 19. f4 Bf8 20. hxg6 hxg6 21. f5 Bd6
22. Rag1 Kg7 23. Nc1 Rh8 24. Rxh8 Rxh8 25. Nd3 Bb8 26. b4 e4 27. Nf2 Bxg3 28.
Rxg3 b5 29. fxg6 Kxg6 30. Nh3 Nf8 31. g5 f5 32. Nf4+ Kg7 33. Rh3 Rxh3 34. Nxh3
Kg6 35. Ke1 Ne6 36. Kf2 Nxg5 37. Nf4+ Kf6 38. Kg3 Ne6 39. Nxe6 Kxe6 40. Kf4 Kf6 1/2-1/2

[Event "Chigorin Memorial"]
[Site "St Petersburg RUS"]
[Date "2012.11.01"]
[Round "6.15"]
[White "Grigoryan, Avetik"]
[Black "Belyakov, Bogdan"]
[Result "1/2-1/2"]
[WhiteTitle "GM"]
[BlackTitle "FM"]
[WhiteElo "2572"]
[BlackElo "2388"]
[WhiteFideId "13302191"]
[BlackFideId "24104795"]
[EventDate "2012.10.27"]

1. e4 e5 2. Nf3 Nc6 3. Bb5 Nf6 4. O-O Nxe4 5. d4 Nd6 6. Bxc6 dxc6 7. dxe5 Nf5 8.
Qxd8+ Kxd8 9. Nc3 h6 10. h3 Be7 11. Ne2 Ke8 12. g4 Nh4 13. Nxh4 Bxh4 14. Be3 Be7
15. Rad1 a5 16. Nf4 a4 17. Nh5 g6 18. Nf6+ Kf8 19. b3 Kg7 20. Ne4 axb3 21. axb3
Ra2 22. Rd2 Rd8 23. Rfd1 Rxd2 24. Rxd2 Be6 25. Kh2 g5 26. Ng3 Kg6 27. Nh5 f5 28.
exf6 Bxf6 29. Nxf6 Kxf6 30. f4 gxf4 31. Bxf4 h5 32. Kg3 hxg4 33. hxg4 Ra1 34.
Be3 Re1 35. Kf4 Rf1+ 36. Bf2 b5 37. Kg3 Kg6 38. Re2 Bd5 39. Re7 Rc1 40. Bd4 Bf7
41. Re2 Rd1 42. Bc5 Rc1 43. Bf2 Bd5 44. Kf4 Ra1 45. Re7 Rf1 46. Kg3 Rc1 47. Bd4
Bf7 48. Re2 Rd1 49. Ba7 Rd8 50. Rf2 Re8 51. Bd4 Re4 52. Rf6+ Kg5 53. Rxf7 Rxg4+
54. Kf3 Rxd4 55. Ke3 Rd6 56. Rf3 Kg6 57. Ke4 Rd2 58. Rc3 Rd6 59. Rf3 Rd2 60. c3
Rd5 61. Rf8 Kg7 62. Rf3 Kg6 63. c4 bxc4 64. bxc4 1/2-1/2

[Event "Chigorin Memorial"]
[Site "St Petersburg RUS"]
[Date "2012.11.01"]
[Round "6.17"]
[White "Khairullin, Ildar"]
[Black "Fomichenko, Eduard"]
[Result "1-0"]
[WhiteTitle "GM"]
[BlackTitle "IM"]
[WhiteElo "2639"]
[BlackElo "2460"]
[WhiteFideId "4151348"]
[BlackFideId "4132700"]
[EventDate "2012.10.27"]

1. d4 d5 2. c4 e6 3. Nc3 Be7 4. Bf4 Nf6 5. e3 O-O 6. Qc2 c5 7. dxc5 Bxc5 8. Rd1
Qa5 9. a3 Nc6 10. Nf3 Be7 11. Be2 dxc4 12. Bxc4 e5 13. Bg3 Bg4 14. O-O Rac8 15.
Nd5 Bxf3 16. gxf3 b5 17. Bb3 Nxd5 18. Bxd5 Qa6 19. Qe4 Bf6 20. Rc1 Ne7 21. Bb7
Qe6 22. Bxc8 Nxc8 23. Rc6 Qd7 24. Rfc1 Nb6 25. b3 Qe7 26. a4 Qa3 27. axb5 Qxb3
28. Bxe5 Bxe5 29. Qxe5 h6 1-0

[Event "Chigorin Memorial"]
[Site "St Petersburg RUS"]
[Date "2012.11.01"]
[Round "6.18"]
[White "Pakhomov, Egor"]
[Black "Timofeev, Artyom"]
[Result "1/2-1/2"]
[WhiteTitle "IM"]
[BlackTitle "GM"]
[WhiteElo "2458"]
[BlackElo "2631"]
[WhiteFideId "24129542"]
[BlackFideId "4140419"]
[EventDate "2012.10.27"]

1. c4 c5 2. Nf3 g6 3. d4 cxd4 4. Nxd4 Nc6 5. e4 Nf6 6. Nc3 Nxd4 7. Qxd4 d6 8.
Be3 Bg7 9. Be2 O-O 10. Qd2 a5 11. f3 a4 12. O-O Qa5 13. Rac1 Be6 14. Nd5 Qxd2
15. Bxd2 Nxd5 16. cxd5 Bd4+ 17. Kh1 Bd7 18. Rc7 Rfd8 19. Rxb7 Rab8 20. Rxb8 Rxb8
21. Rb1 Rxb2 22. Rxb2 Bxb2 23. Kg1 f5 24. Kf2 fxe4 25. fxe4 Kf7 26. Ke3 Be5 27.
h3 h5 28. g4 hxg4 29. Bxg4 Bb5 30. Be2 Bd7 31. Bg4 Bb5 32. Be2 Bd7 33. Bg4 Bb5 1/2-1/2

[Event "Chigorin Memorial"]
[Site "St Petersburg RUS"]
[Date "2012.11.01"]
[Round "6.19"]
[White "Lysyj, Igor"]
[Black "Hayrapetyan, Hovik"]
[Result "1/2-1/2"]
[WhiteTitle "GM"]
[BlackTitle "IM"]
[WhiteElo "2628"]
[BlackElo "2450"]
[WhiteFideId "4150120"]
[BlackFideId "13302639"]
[EventDate "2012.10.27"]

1. d4 d5 2. c4 c6 3. Nf3 Nf6 4. e3 Bg4 5. h3 Bh5 6. g4 Bg6 7. Ne5 e6 8. Nd2 Nbd7
9. Nxg6 hxg6 10. Bg2 g5 11. O-O Bd6 12. Re1 Qe7 13. Qc2 O-O 14. e4 dxe4 15. Nxe4
Nxe4 16. Rxe4 Rfe8 17. Bd2 Nf8 18. Qc1 Nh7 19. Qe1 Nf8 20. Qc1 Nh7 21. Qe1 Nf8
22. d5 cxd5 23. cxd5 Rad8 24. Rd1 Qf6 25. Qe2 Re7 26. Qf3 exd5 27. Qxf6 gxf6 28.
Rxe7 Bxe7 29. Be3 b6 30. Rxd5 Rxd5 31. Bxd5 Bd6 32. Kg2 Ng6 33. Kf3 Nf4 34. Ke4
Nxh3 35. Bc4 Nf4 36. Bd4 Kg7 37. Kf5 Be7 38. b4 Ng6 39. Bc3 Bd8 40. b5 Ne7+ 41.
Ke4 Bc7 42. a4 Bd6 43. Bd4 Bc7 44. Bd3 Nc8 45. f3 Bb8 46. Kd5 Ne7+ 47. Kc4 Be5
48. Bf2 Bb8 49. Kb3 Nc8 50. Bf5 Ne7 51. Be4 Nc8 52. Bb7 Nd6 53. Be4 Nc8 54. Bf5
Ne7 55. Bd7 f5 56. a5 fxg4 57. fxg4 Bc7 58. a6 Bb8 59. Kc4 Bc7 60. Kd4 Bb8 61.
Ke4 Bc7 62. Be1 f6 63. Bb4 Kf7 64. Bf5 Bb8 65. Bxe7 Kxe7 66. Kd5 Be5 67. Kc6 Kd8
68. Be4 1/2-1/2